| 000 | 02639nam a2200421 a 4500 | ||
|---|---|---|---|
| 001 | ebr10670948 | ||
| 003 | CaPaEBR | ||
| 006 | m u | ||
| 007 | cr cn||||||||| | ||
| 008 | 110613s2011 nyuab sb 001 0 eng d | ||
| 010 | _z 2011018563 | ||
| 020 | _z9781613248621 (hardcover : alk. paper) | ||
| 020 | _z9781614700173 (e-book) | ||
| 040 |
_aCaPaEBR _cCaPaEBR |
||
| 035 | _a(OCoLC)834136813 | ||
| 043 |
_ar------ _an-us-ak |
||
| 050 | 1 | 4 |
_aTN872.A7 _bA825 2011eb |
| 082 | 0 | 4 |
_a333.8/2309113 _223 |
| 245 | 0 | 0 |
_aArctic oil and gas _h[electronic resource] : _bdevelopment and concerns / _cRoman Shumenko, editor. |
| 260 |
_aHauppauge, N.Y. : _bNova Science Publishers, _cc2011. |
||
| 300 |
_aviii, 140 p. : _bill., maps. |
||
| 490 | 1 | _aEnergy science, engineering and technology | |
| 490 | 1 | _aEnvironmental science, engineering and technology | |
| 504 | _aIncludes bibliographical references and index. | ||
| 505 | 0 | _aOffshore drilling in the Arctic : background and issues for the future consideration of oil and gas activities / National Commission on the BP Deepwater Horizon Oil Spill and Offshore Drilling -- The challenges of oil spill response in the Arctic / National Commission on the BP Deepwater Horizon Oil Spill and Offshore Drilling -- Analysis of crude oil production in the Arctic National Wildlife Refuge / Energy Information Administration -- Possible federal revenue from oil development of ANWR and nearby areas / Salvatore Lazzari -- Potential impacts of proposed oil and gas development on the Arctic Refuge's coastal plain : historical overview and Issues of concern, history of the Arctic Refuge as it relates to oil in Alaska / U.S. Fish and Wildlife Service. | |
| 533 |
_aElectronic reproduction. _bPalo Alto, Calif. : _cebrary, _d2013. _nAvailable via World Wide Web. _nAccess may be limited to ebrary affiliated libraries. |
||
| 650 | 0 |
_aOffshore oil well drilling _zArctic regions. |
|
| 650 | 0 |
_aOffshore gas well drilling _zArctic regions. |
|
| 650 | 0 |
_aOffshore oil well drilling _xEnvironmental aspects _zAlaska _zArctic National Wildlife Refuge. |
|
| 650 | 0 |
_aOffshore gas well drilling _xEnvironmental aspects _zAlaska _zArctic National Wildlife Refuge. |
|
| 651 | 0 | _aArctic National Wildlife Refuge (Alaska) | |
| 655 | 7 |
_aElectronic books. _2local |
|
| 700 | 1 | _aShumenko, Roman. | |
| 710 | 2 | _aebrary, Inc. | |
| 830 | 0 | _aEnergy science, engineering and technology series. | |
| 830 | 0 | _aEnvironmental science, engineering and technology series. | |
| 856 | 4 | 0 |
_uhttp://site.ebrary.com/lib/rucke/Doc?id=10670948 _zAn electronic book accessible through the World Wide Web; click to view |
| 999 |
_c61918 _d61918 |
||